| 000 | 00404nam a22001337a 4500 | ||
|---|---|---|---|
| 003 | OSt | ||
| 008 | 150608b xxu||||| |||| 00| 0 eng d | ||
| 100 | 1 | _aStone, Robert G. | |
| 041 | _aeng | ||
| 245 | 1 | 0 | _aA glossary of English equivalents of terms commonly used in French auctions, catalogues, and stamp trade |
| 260 | _bFrance and Colonies Philatelic Society | ||
| 300 | _a0 pages | ||
| 942 | _ereprint 1994 | ||
| 999 |
_c1536 _d1536 |
||